| 000 | 00825nam a22002057a 4500 | ||
|---|---|---|---|
| 008 | 081020t xxu||||| |||| 00| 0 eng d | ||
| 010 | _aENG-84062 | ||
| 020 | _a8170622425 | ||
| 020 | _c795.00 (hb) | ||
| 035 | _aEN-67595 | ||
| 082 | _a305.96390914605431 | ||
| 100 | _aSuryanarayan, V | ||
| 245 |
_aConflict over fisheries in the Palk Bay Region / _cby V Suryanarayan |
||
| 260 |
_aNew Delhi _bLancer Publisher and Distributors _eK-36 (FF) Green Park Main, New Delhi-110016 |
||
| 260 | _c2005 | ||
| 300 |
_axvi,207p _c22cm |
||
| 500 | _aIncludes bibliographical references and index | ||
| 942 |
_2ddc _cEN _h305.96390914605431 _mSUR |
||
| 999 |
_c17029 _d17029 |
||